[Event "Adelaide op"]
[Site "Adelaide"]
[Date "2016.09.20"]
[Round "9"]
[White "Steffensen, Dennis A"]
[Black "Haydn, Gavin"]
[Result "1-0"]
[WhiteElo "1804"]
[BlackElo "1750"]
[PlyCount "63"]
[EventDate "2016.07.26"]
[EventType "swiss"]
[EventRounds "9"]
[EventCountry "AUS"]
[SourceTitle "EXT 2018"]
[Source "ChessBase"]
[SourceDate "2017.10.13"]
[SourceVersion "1"]
[SourceVersionDate "2017.10.13"]
[SourceQuality "1"]

1. e4 c5 2. Nf3 d6 3. d4 cxd4 4. Qxd4 Nc6 5. Bb5 Bd7 6. Bxc6 Bxc6 7. c4 Nf6 8. Nc3 g6 9. 0-0 Bg7 10. Qd3 0-0 11. h3 Nd7 12. Be3 f5 13. Ng5 fxe4 14. Ncxe4 Ne5 15. f4 Bxe4 16. Qxe4 Nxc4 17. Rac1 Qd7 18. Qxc4+ d5 19. Qc7 Qf5 20. Qxb7 h6 21. Nf3 Rab8 22. Qxa7 Qe4 23. Bd4 Rbc8 24. Qc5 Qxf4 25. Bxg7 Kxg7 26. Qxe7+ Kg8 27. Qe6+ Kh7 28. Qxd5 Rcd8 29. Qe5 Qf7 30. Ng5+ hxg5 31. Rxf7+ Rxf7 32. Rc7 1-0

[Event "Adelaide Queen's Birthday op"]
[Site "Adelaide"]
[Date "2010.06.13"]
[Round "6"]
[White "Han, Eddie"]
[Black "Steffensen, Dennis A"]
[Result "1-0"]
[WhiteElo "1196"]
[BlackElo "1601"]
[PlyCount "127"]
[EventDate "2010.06.12"]
[EventType "swiss"]
[EventRounds "6"]
[EventCountry "AUS"]
[SourceTitle "EXT 2023"]
[Source "ChessBase"]
[SourceDate "2022.10.05"]
[SourceVersion "1"]
[SourceVersionDate "2022.10.05"]
[SourceQuality "1"]

1. e4 c5 2. c3 e6 3. d4 d5 4. exd5 exd5 5. Nf3 Bd6 6. Be3 c4 7. Be2 Ne7 8. b3 b5 9. Nbd2 Bb7 10. Rb1 Bc6 11. 0-0 0-0 12. a4 a6 13. Ne5 Bxe5 14. dxe5 Nd7 15. f4 Re8 16. Nf3 Nf8 17. Nd4 Bd7 18. f5 Nc6 19. Nxc6 Bxc6 20. Bd4 Nd7 21. f6 Nxe5 22. fxg7 Qd6 23. Qd2 Re6 24. Qf4 f6 25. Bg4 Nxg4 26. Qxg4 Rae8 27. axb5 Bxb5 28. b4 R8e7 29. Bc5 Qe5 30. Bxe7 Rxe7 31. Qd4 Qxd4+ 32. cxd4 Kxg7 33. Rf5 Bc6 34. Rf4 Bd7 35. Kf2 f5 36. Re1 Re4 37. Rfxe4 fxe4 38. Ke3 Bb5 39. g3 Kg6 40. h4 Kh5 41. Kf4 Bd7 42. Ra1 Bc8 43. Ra5 Bb7 44. Rc5 Ba8 45. Rc7 Kg6 46. Ra7 c3 47. Rc7 Kf6 48. Rxc3 Ke6 49. Rc7 Kd6 50. Ra7 Bc6 51. Rxa6 Kc7 52. Ra5 Kb6 53. g4 Bb7 54. g5 Bc6 55. h5 Be8 56. Rxd5 Bxh5 57. Re5 Bg6 58. d5 Kc7 59. b5 Kd6 60. b6 Kd7 61. Re7+ Kc8 62. b7+ Kb8 63. d6 e3 64. d7 1-0

[Event "Adelaide Interclub-A"]
[Site "Adelaide"]
[Date "2010.06.08"]
[Round "6.3"]
[White "Steffensen, Dennis A"]
[Black "Miletic, Savo"]
[Result "1-0"]
[WhiteElo "1601"]
[BlackElo "1414"]
[PlyCount "171"]
[EventDate "2010.05.04"]
[EventType "team-tourn"]
[EventRounds "9"]
[EventCountry "AUS"]
[SourceTitle "EXT 2023"]
[Source "ChessBase"]
[SourceDate "2022.10.05"]
[SourceVersion "1"]
[SourceVersionDate "2022.10.05"]
[SourceQuality "1"]

1. d4 Nf6 2. c4 c6 3. Nc3 d5 4. e3 Bg4 5. Qb3 b6 6. cxd5 Nxd5 7. Bc4 e6 8. Nge2 Bd6 9. e4 Nxc3 10. Nxc3 Qc7 11. Bg5 b5 12. Bd3 0-0 13. Bh4 Qd7 14. f3 Bh5 15. Rd1 a5 16. Bf2 Na6 17. 0-0 Qc7 18. e5 Be7 19. Qc2 Bg6 20. Ne4 Nb4 21. Qb1 Rad8 22. a3 Nd5 23. Rc1 Qb7 24. g3 Bh5 25. Kg2 Bg6 26. Qc2 Rc8 27. Qd2 b4 28. a4 Bd8 29. Nd6 Qb8 30. Nxc8 Qxc8 31. Bxg6 fxg6 32. Qc2 Ne7 33. Qc4 Qd7 34. Rc2 Bb6 35. Rd1 Rc8 36. Qd3 Nd5 37. Rdc1 Ne7 38. Qe4 Nd5 39. f4 Bd8 40. g4 Ne7 41. h4 Nd5 42. Rh1 Qf7 43. Bg3 Be7 44. Rhc1 Qe8 45. Kf3 Bd8 46. f5 g5 47. Rh1 Qf7 48. h5 h6 49. Kg2 Bb6 50. Rf1 Bd8 51. Rcf2 Be7 52. Rf3 Kh8 53. fxe6 Qxe6 54. Qf5 Qg8 55. Qd7 Kh7 56. Kh2 Qe8 57. Qxe8 Rxe8 58. Rc1 Rc8 59. Rf7 Kg8 60. Rf2 Bf8 61. e6 Be7 62. Be5 Nf6 63. Kh3 Kh7 64. Rfc2 c5 65. dxc5 Rc6 66. Bxf6 gxf6 67. Re2 Kg8 68. Rd2 Kf8 69. Rd5 Ke8 70. Kg2 Bf8 71. Kf3 Ke7 72. Ke4 Kxe6 73. Kd4 Be7 74. Re1+ Kf7 75. Kc4 Rc8 76. Kb5 Kf8 77. Re6 Kf7 78. Rc6 Rxc6 79. Kxc6 Ke6 80. Rd7 Bf8 81. Ra7 Be7 82. Rxa5 f5 83. gxf5+ Kxf5 84. Kd7 Bf6 85. c6+ Kg4 86. c7 1-0

[Event "Adelaide Interclub-A"]
[Site "Adelaide"]
[Date "2010.05.25"]
[Round "4.3"]
[White "Steffensen, Dennis A"]
[Black "Atrens, Edvard"]
[Result "1-0"]
[WhiteElo "1601"]
[BlackElo "1529"]
[PlyCount "113"]
[EventDate "2010.05.04"]
[EventType "team-tourn"]
[EventRounds "9"]
[EventCountry "AUS"]
[SourceTitle "EXT 2023"]
[Source "ChessBase"]
[SourceDate "2022.10.05"]
[SourceVersion "1"]
[SourceVersionDate "2022.10.05"]
[SourceQuality "1"]

1. d4 d5 2. c4 c6 3. Nc3 Nf6 4. Bg5 Bf5 5. e3 Nbd7 6. Nf3 e6 7. a3 h6 8. Bh4 Be7 9. Bd3 Ne4 10. Bxe7 Qxe7 11. cxd5 exd5 12. Bxe4 Bxe4 13. Nxe4 Qxe4 14. 0-0 0-0 15. b4 Rae8 16. Rb1 Re6 17. b5 c5 18. dxc5 Nxc5 19. Rb4 Qg6 20. Qxd5 b6 21. Rd1 Rfe8 22. Rbd4 Qc2 23. Qc4 Qb2 24. Qb4 Qc2 25. Qb1 Qc3 26. Rc1 Qxa3 27. Nd2 a6 28. Nc4 Qb3 29. bxa6 Qxb1 30. Rxb1 Nxa6 31. Rxb6 Nc5 32. Rxe6 Rxe6 33. Nd2 g5 34. h3 Kg7 35. Kf1 f5 36. Ke2 Kf6 37. Kf3 Ne4 38. Nxe4+ fxe4+ 39. Rxe4 Rb6 40. h4 Ra6 41. hxg5+ hxg5 42. g3 Kf5 43. Rd4 Rb6 44. e4+ Kf6 45. Kg4 Re6 46. f4 gxf4 47. gxf4 Re8 48. e5+ Ke6 49. Rd6+ Ke7 50. f5 Rg8+ 51. Rg6 Ra8 52. Kg5 Ra5 53. Rg7+ Kf8 54. Kf6 Rxe5 55. Rh7 Kg8 56. Kxe5 Kxh7 57. Kf6 1-0

[Event "Adelaide Interclub-A"]
[Site "Adelaide"]
[Date "2010.05.04"]
[Round "1.3"]
[White "Steffensen, Dennis A"]
[Black "Sanderson, Christopher"]
[Result "0-1"]
[WhiteElo "1601"]
[BlackElo "1431"]
[PlyCount "162"]
[EventDate "2010.05.04"]
[EventType "team-tourn"]
[EventRounds "9"]
[EventCountry "AUS"]
[SourceTitle "EXT 2023"]
[Source "ChessBase"]
[SourceDate "2022.10.05"]
[SourceVersion "1"]
[SourceVersionDate "2022.10.05"]
[SourceQuality "1"]

1. d4 Nf6 2. c4 e6 3. Nc3 Bb4 4. Bg5 h6 5. Bh4 b6 6. Rc1 Bb7 7. f3 d5 8. a3 Be7 9. e3 c5 10. cxd5 Nxd5 11. Bf2 cxd4 12. Bb5+ Nc6 13. Nxd5 Qxd5 14. Qa4 dxe3 15. Bxe3 Rc8 16. Qxa7 Qxb5 17. Qxb7 0-0 18. Qxb6 Qe5 19. Kf2 Nb8 20. Ne2 Nd7 21. Qd4 Qb5 22. b4 Bf6 23. Qg4 Ne5 24. Qe4 Nd3+ 25. Kg3 Nxc1 26. Nxc1 Qe5+ 27. Bf4 Qxe4 28. fxe4 Rc3+ 29. Kg4 Rxa3 30. Bd6 Rd8 31. e5 Bg5 32. h4 Bxc1 33. Rxc1 Rb3 34. Rc6 Rd7 35. Rc8+ Kh7 36. Rb8 f6 37. Kf4 fxe5+ 38. Kxe5 Re3+ 39. Kf4 Re2 40. Kf3 Rb2 41. Rb6 Rf7+ 42. Kg3 Rb3+ 43. Kh2 Rf5 44. g3 e5 45. Bc5 e4 46. Re6 Rff3 47. Rxe4 Rxg3 48. Re7 Rh3+ 49. Kg2 Rxh4 50. Rb7 Rh5 51. Bf8 Rg5+ 52. Kh2 Rd3 53. b5 Rf3 54. Be7 Rg4 55. b6 Rff4 56. Kh3 Rg1 57. Kh2 Rb1 58. Rb8 Rd4 59. Bd8 Rxd8 60. Rxd8 Rxb6 61. Rd7 Rf6 62. Kg3 Kg6 63. Kg4 h5+ 64. Kg3 Kh6 65. Rd8 g6 66. Rh8+ Kg5 67. Ra8 Rf5 68. Ra6 h4+ 69. Kg2 Kh5 70. Ra8 g5 71. Rh8+ Kg4 72. Rh7 Rd5 73. Rh8 Rd3 74. Rg8 h3+ 75. Kh2 Rd2+ 76. Kh1 Kf4 77. Rf8+ Kg3 78. Rf1 g4 79. Rg1+ Kh4 80. Rf1 g3 81. Rg1 Rh2# 0-1

[Event "Pennant-chT"]
[Site "Adelaide"]
[Date "2009.10.13"]
[Round "5.3"]
[White "Steffensen, Dennis A"]
[Black "Turcaj, Pavel"]
[Result "0-1"]
[WhiteElo "1709"]
[BlackElo "1598"]
[PlyCount "86"]
[EventDate "2009.09.15"]
[EventType "team-tourn"]
[EventRounds "7"]
[EventCountry "AUS"]
[SourceTitle "EXT 2023"]
[Source "ChessBase"]
[SourceDate "2022.10.05"]
[SourceVersion "1"]
[SourceVersionDate "2022.10.05"]
[SourceQuality "1"]

1. d4 Nf6 2. c4 e6 3. Nc3 Bb4 4. Bg5 c5 5. Rc1 h6 6. Bh4 Nc6 7. d5 Ne5 8. e3 Ng6 9. Bg3 exd5 10. cxd5 d6 11. a3 Ba5 12. Bd3 0-0 13. Nf3 Ne5 14. Nxe5 dxe5 15. e4 c4 16. Bb1 Re8 17. 0-0 Qb6 18. Qc2 Bd7 19. Kh1 Nh5 20. Ne2 Rac8 21. f3 Nxg3+ 22. hxg3 Qg6 23. g4 h5 24. g3 hxg4 25. f4 Qh5+ 26. Kg2 Qh3+ 27. Kf2 Qh2+ 28. Ke3 exf4+ 29. Rxf4 Bb6+ 30. Kd2 Bc7 31. Rff1 Bxg3 32. Qc3 Be5 33. Qe3 Bxb2 34. Rcd1 c3+ 35. Kd3 Bb5+ 36. Kc2 Qxe2+ 37. Qxe2 Bxe2 38. Rh1 Bxd1+ 39. Kxd1 Rc4 40. Re1 Rd4+ 41. Kc2 Rdxe4 42. Rh1 Re1 43. Rh4 Rc1+ 0-1

[Event "Pennant-chT"]
[Site "Adelaide"]
[Date "2009.10.06"]
[Round "4.3"]
[White "Atrens, Karlis"]
[Black "Steffensen, Dennis A"]
[Result "1/2-1/2"]
[WhiteElo "1113"]
[BlackElo "1709"]
[PlyCount "99"]
[EventDate "2009.09.15"]
[EventType "team-tourn"]
[EventRounds "7"]
[EventCountry "AUS"]
[SourceTitle "EXT 2023"]
[Source "ChessBase"]
[SourceDate "2022.10.05"]
[SourceVersion "1"]
[SourceVersionDate "2022.10.05"]
[SourceQuality "1"]

1. c4 Nf6 2. g3 g6 3. Bg2 Bg7 4. Nc3 0-0 5. Nf3 d6 6. d4 Nbd7 7. 0-0 c6 8. Bf4 Re8 9. Qb3 e5 10. dxe5 dxe5 11. Bg5 h6 12. Bxf6 Nxf6 13. Rad1 Qc7 14. Qc2 Be6 15. Ne4 Nxe4 16. Qxe4 f5 17. Qc2 Rad8 18. b3 e4 19. Ne1 Rxd1 20. Qxd1 Rd8 21. Qc1 Qa5 22. Qb1 Rd2 23. Nc2 Rxe2 24. Re1 Qc5 25. Rf1 g5 26. Qd1 Bxc4 27. bxc4 Qxc4 28. Ne3 Qxa2 29. Nxf5 Rd2 30. Qh5 Qe6 31. Qg4 Rd4 32. Re1 Rd5 33. Nxh6+ Qxh6 34. Bxe4 Rd8 35. Bf5 Bf6 36. Re6 Qg7 37. Qb4 a6 38. Qe4 Kf7 39. Qf3 Rd5 40. Bg4 Rd4 41. Re3 Rd6 42. Re1 Qh6 43. Qb3+ Kg6 44. Qxb7 c5 45. Qb1+ Kg7 46. Re6 Rxe6 47. Bxe6 Bd4 48. Qb7+ Kh8 49. Qxa6 Qf6 50. Qe2 1/2-1/2

[Event "Adelaide Labour Day op"]
[Site "Adelaide"]
[Date "2009.10.03"]
[Round "1"]
[White "Steffensen, Dennis A"]
[Black "Ferro Jove, Miguel Angel"]
[Result "0-1"]
[WhiteElo "1709"]
[BlackElo "1954"]
[PlyCount "96"]
[EventDate "2009.10.03"]
[EventType "swiss"]
[EventRounds "6"]
[EventCountry "AUS"]
[SourceTitle "EXT 2023"]
[Source "ChessBase"]
[SourceDate "2022.10.05"]
[SourceVersion "1"]
[SourceVersionDate "2022.10.05"]
[SourceQuality "1"]

1. d4 Nf6 2. c4 g6 3. g3 Bg7 4. Bg2 0-0 5. Nf3 d6 6. 0-0 Nbd7 7. Qc2 c5 8. Rd1 cxd4 9. Nxd4 Nc5 10. Nc3 a6 11. e4 Qc7 12. h3 e5 13. Nde2 Be6 14. b3 Rac8 15. Be3 Ncd7 16. Qd2 Ne8 17. Rac1 Qd8 18. Nd5 f5 19. Bg5 Ndf6 20. Nec3 Rf7 21. Kh2 Bxd5 22. Nxd5 fxe4 23. Nxf6+ Bxf6 24. Be3 Rd7 25. Bxe4 Qe7 26. Bd5+ Kh8 27. h4 Ng7 28. Bg5 Nf5 29. Bxf6+ Qxf6 30. Qg5 Rf8 31. Rd3 b6 32. Qg4 h5 33. Qe2 Nd4 34. Qe3 Qxf2+ 35. Qxf2 Rxf2+ 36. Kg1 Rxa2 37. Rf1 Kg7 38. b4 Rb2 39. b5 a5 40. Bc6 Rc7 41. Rxd4 exd4 42. Rd1 Re7 43. Kf1 a4 44. Rxd4 a3 45. Rd1 a2 46. Bf3 Rb1 47. Be2 Rxe2 48. Kxe2 Rxd1 0-1

[Event "Pennant-chT"]
[Site "Adelaide"]
[Date "2009.09.15"]
[Round "1.3"]
[White "Haydn, Gavin"]
[Black "Steffensen, Dennis A"]
[Result "1-0"]
[WhiteElo "1476"]
[BlackElo "1709"]
[PlyCount "99"]
[EventDate "2009.09.15"]
[EventType "team-tourn"]
[EventRounds "7"]
[EventCountry "AUS"]
[SourceTitle "EXT 2023"]
[Source "ChessBase"]
[SourceDate "2022.10.05"]
[SourceVersion "1"]
[SourceVersionDate "2022.10.05"]
[SourceQuality "1"]

1. d4 d5 2. c4 e6 3. Nc3 Nf6 4. Nf3 c5 5. e3 cxd4 6. exd4 Nc6 7. a3 Be7 8. Be2 dxc4 9. Bxc4 0-0 10. 0-0 a6 11. b4 Qc7 12. Qe2 b5 13. Ba2 Nxb4 14. Bb2 Nxa2 15. Nxa2 Bb7 16. Rac1 Qd6 17. Nb4 a5 18. Nd3 Bd5 19. Nfe5 b4 20. axb4 axb4 21. Nc4 Bxc4 22. Rxc4 Qa6 23. Ne5 Rac8 24. Ra1 Qb7 25. Rac1 Rxc4 26. Rxc4 Rc8 27. Qf3 Qa6 28. Rxc8+ Qxc8 29. Nc6 Nd5 30. Qxd5 Bf6 31. Qc4 Qc7 32. Qxb4 h6 33. Qb8+ Qxb8 34. Nxb8 Be7 35. Nc6 Bd6 36. Bc3 f6 37. Bb4 Bc7 38. g3 Kf7 39. Kf1 Ke8 40. Ke2 Kd7 41. Na7 Bb8 42. Nb5 Kc6 43. Nc3 Ba7 44. Kd3 g6 45. Kc4 Bb6 46. f3 h5 47. Na4 Bc7 48. Nc5 e5 49. d5+ Kb6 50. Nd7+ 1-0